financial ration for monitoring corporate sickness, towards a more systematic approach (Record no. 58983)
[ view plain ]
| 000 -LEADER | |
|---|---|
| fixed length control field | 00527 a2200169 4500 |
| 082 ## - DEWEY DECIMAL CLASSIFICATION NUMBER | |
| Classification number | 336 |
| Item number | G959f |
| 100 ## - MAIN ENTRY--PERSONAL NAME | |
| Personal name | Gupta, L. C. |
| 9 (RLIN) | 19258 |
| 245 ## - TITLE STATEMENT | |
| Title | financial ration for monitoring corporate sickness, towards a more systematic approach |
| 260 ## - PUBLICATION, DISTRIBUTION, ETC. | |
| Place of publication, distribution, etc. | Delhi |
| Name of publisher, distributor, etc. | Oxford University Press |
| Date of publication, distribution, etc. | 1963. |
| 300 ## - PHYSICAL DESCRIPTION | |
| Extent | xiv, 144p. |
| Other physical details | diagrs., tables |
| 504 ## - BIBLIOGRAPHY, ETC. NOTE | |
| Bibliography, etc. note | Bibliography : p. 137-138 |
| 650 ## - SUBJECT ADDED ENTRY--TOPICAL TERM | |
| Topical term or geographic name entry element | Financial statement |
| 9 (RLIN) | 5642 |
| 650 ## - SUBJECT ADDED ENTRY--TOPICAL TERM | |
| Topical term or geographic name entry element | Ratio analysis |
| 9 (RLIN) | 19259 |
| 650 ## - SUBJECT ADDED ENTRY--TOPICAL TERM | |
| Topical term or geographic name entry element | Profit |
| 9 (RLIN) | 10916 |
| 653 ## - INDEX TERM--UNCONTROLLED | |
| Uncontrolled term | public finance |
| 942 ## - ADDED ENTRY ELEMENTS (KOHA) | |
| Source of classification or shelving scheme | Dewey Decimal Classification |
| Koha item type | General Collections |
No items available.
